000 00550nam a2200205Ia 4500
003 OSt
005 20240531165503.0
008 210707s1983 xx 000 0 und d
040 _cAL
041 _aKannada
082 _aK894.3 VASA
100 _aVASUDEVAYYA (Cha)
_dವಾಸುದೇವಯ್ಯ
_9168885
245 _aAryakirti.
_bಆರ್ಯಕೀರ್ತಿ
260 _aBengaluru
_bVishva Kannada Sammelana
_c1983
300 _a159.xii p
365 _b2
_cINR
563 _aPB
650 _aKannada Fiction
_9168886
942 _2ddc
_cBK
999 _c180157
_d180157